Social research to test ideas ; selected writings. With an introd. by Paul F. Lazarsfeld.

Bibliographic Details
Main Author: Stouffer, Samuel A., 1900-1960
Format: Book
Language:English
Published: [New York] : Free Press of Glencoe, [1962]
Subjects:

MARC

Tag First Indicator Second Indicator Subfields
LEADER 00000cam a2200000 4500
001 in00000061627
005 20151008050556.0
008 741106s1962 nyua b 00000 eng u
010 |a  61009174  
035 |a (OCoLC)01067973 
035 |9 AAG1878AM 
040 |c HEI  |d OCL  |d TXA  |d UtOrBLW 
049 |a TXAM  |c [351679] 
050 0 |a H62  |b .S78 
082 0 |a 307.2 
092 |a 307.2  |b S889s, 1962 
100 1 |a Stouffer, Samuel A.,  |d 1900-1960. 
245 1 0 |a Social research to test ideas ;  |b selected writings. With an introd. by Paul F. Lazarsfeld. 
264 1 |a [New York] :  |b Free Press of Glencoe,  |c [1962] 
300 |a xxxi, 314 pages :  |b illustrations ;  |c 24 cm. 
336 |a text  |b txt  |2 rdacontent 
337 |a unmediated  |b n  |2 rdamedia 
338 |a volume  |b nc  |2 rdacarrier 
504 |a Bibliography: pages [301]-306. 
600 1 0 |a Stouffer, Samuel A.,  |d 1900-1960  |x Bibliography. 
650 0 |a Social sciences  |x Research. 
650 0 |a Sociology. 
999 |a MARS 
999 f f |s 7758d41e-96f9-31c9-820a-13786db37816  |i f915f2b0-b28d-3dc7-a68a-0f357841a526  |t 0 
952 f f |p ric  |a Texas A&M University  |b Rellis Campus  |c Joint Library Facility  |d Remote Storage  |t 0  |e H62 .S78  |h Library of Congress classification  |i unmediated -- volume  |m A14800646146 
998 f f |a H62 .S78  |t 0  |l Remote Storage